000 01614cam a22003014a 4500
999 _c24915
_d24915
001 14115409
005 20170130121802.0
008 050921s2005 maua b 000 0deng
010 _a 2005027671
020 _a1933212047 (alk. paper)
040 _aDLC
_cDLC
_dDLC
043 _an-use--
_an-us-ma
050 0 0 _aNK1133.28
_b.W97 2006
100 1 _aWyss, Bob.
245 1 0 _aBrimfield rush :
_bthe thrill of collecting and the hunt for the big score /
_cBob Wyss.
250 _a1st ed.
260 _aBeverly, Mass. :
_bCommonwealth Editions,
_cc2006
300 _a291 p. :
_bill. ;
_c21 cm.
504 _aIncludes bibliographical references (p. 283-289).
650 0 _aAntiques business
_zNortheastern States.
650 0 _aAntique dealers
_zNortheastern States
_xAnecdotes.
650 0 _aFlea markets
_zMassachusetts
_zBrimfield (Town)
942 _2lcc
_cBOOKS
_hNK1133.28 .W97 2006